000
00292nam a22001217a 4500
008
181207b xxu||||| |||| 00| 0 eng d
041
_a
eng
080
_a
510
100
_a
39
101
_a
MAT
245
_a
Qualtitative Theory Ordinary Deferential Equations
_c
Baruer.F
942
_2
udc
_c
BK
999
_c
53011
_d
53011